How to Stop Worrying and Start Living/ (Record no. 206574)

MARC details
000 -LEADER
fixed length control field 00577nam a2200181 4500
005 - DATE AND TIME OF LATEST TRANSACTION
control field 20241022143716.0
010 ## - LCCN (DPL NO)
LC control number ENG-142255
020 ## - INTERNATIONAL STANDARD BOOK NUMBER
Terms of availability 150.00
International Standard Book Number 9789384401986
035 ## - SYSTEM CONTROL NUMBER
System control number EN-125787
037 ## - SOURCE OF ACQUISITION
Source of stock number/acquisition DBAD
082 ## - DEWEY DECIMAL CLASSIFICATION NUMBER
Classification number 158.1
100 ## - MAIN ENTRY--PERSONAL NAME
Personal name Carnegie,Dale
245 ## - TITLE STATEMENT
Title How to Stop Worrying and Start Living/
Statement of responsibility, etc Dale Carnegie
260 ## - PUBLICATION, DISTRIBUTION, ETC. (IMPRINT)
Place of publication, distribution, etc New Delhi
Name of publisher, distributor, etc Pigeon Books India
Date of publication, distribution, etc 2017
270 ## - ADDRESS
Address 16, Ansari Road, Daryaganj
City New Delhi
Postal code 110002
Telephone number 9810229648
-- 9312286851
Electronic mail address pigeonbooks@yahoo.com
300 ## - PHYSICAL DESCRIPTION
Extent 326p.
Dimensions 18cm(pb)
942 ## - ADDED ENTRY ELEMENTS (KOHA)
Source of classification or shelving scheme Dewey Decimal Classification
Item type English Books
Classification part 158.1
Call number suffix CAR
Holdings
Withdrawn status Lost status Not for loan Collection code Home library Current library Date acquired Source of acquisition Cost, normal purchase price Full call number Barcode Copy number Cost, replacement price Koha item type
      Non-fiction Bawana Bawana 22/10/2024 DBAD 150.00 158.1 CAR EN-125787 1 150.00 English Books

© Delhi Public Library
Hit Counter
free hit counter